000 01162nab a2200205 i 4500
001 768714001
003 CO-MdFUSB
005 20240506143729.0
008 240506t1968 sp ||||| |||| 00| 0 spa d
040 _bspa
_cCO-MdFUSB
_dCO-MdFUSB
041 _aspa
100 _aRigaux, Béda,
_eautor
245 4 _aLos doce apóstoles
_c/ B. Rigaux
520 _aEl objetivo de esta nota es abordar el tema: la denominación de "apóstoles". Primero, se estudia etimológicamente el término apóstoles y se entiende que su raíz griega (apostéllein: enviar) significa barco, flota o almirante en griego. El sustantivo aparece sólo una vez en los LXX (1 Reyes 14:6). Si apóstoles se convierte en un término en el lenguaje cristiano, se cree que su origen debe remontarse a la iglesia de Antioquía, donde los creyentes comenzaron a llamarse cristianos. .
650 0 _a Ecumenismo
_91146
650 7 _aApóstoles
_92947
773 0 _049450
_982594
_oR2524
_tRevista internacional de teología Concilium
_w(CO-MdFUSB)8
_x0210-1041
_gNúmero 34, (abril, 1968), páginas: 7 - 18
_qpágina: 7
942 _cANA
945 _aCatherine Arias Alvarez - Practicante SENA
999 _c69525
_d69525